000 00402nam a2200157 i 4500
001 bg
100 1 _aJASIŃSKA, Aleksandra
245 0 _aWzory osobowe socjalizmu /
_cAleksandra Jasińska, Renata Siemieńska.
250 _aWyd.2 rozsz.
260 _aWarszawa,
_c1978.
700 1 _aSIEMIEŃSKA, Renata
040 _cBPK
041 _apol
942 _cKS
008 s pl f |000 0 pol
999 _c9603
_d9603
856 _uhttp://koha.tu.koszalin.pl/cgi-bin/koha/opac-detail.pl?biblionumber=9603
_yKatalog online BPK